000 00462nam a22001697a 4500
999 _c525386
_d525386
003 NUST
038 _aArshad
082 _a891.4911
_bSAR
100 _aSardar Masood Ahmad
_916244
245 _aDewan e Aakash /
_cSardar Masood Ahmad
260 _aRawalpindi :
_bAshraf Book Agency,
_c2000.
300 _a256 p. ;
500 _aHardcover.
880 _6100-01\r
_aسردار مسعود احمد
880 _6245-02\r
_aدیوان آکاش /
942 _2ddc
_cBK